Passive design : principles for hot, humid climates

Αποθηκεύτηκε σε:
Λεπτομέρειες βιβλιογραφικής εγγραφής
Κύριος συγγραφέας: Τζαμτζής, Αντώνιος
Μορφή: Βιβλίο
Γλώσσα:English
Δημοσίευση: Miami : Miami-Date Community College, 1986
Σειρά:Solstice
Θέματα:
Ετικέτες: Προσθήκη ετικέτας
Δεν υπάρχουν, Καταχωρήστε ετικέτα πρώτοι!

MARC

LEADER 00000nam a2200000 i 4500
001 1/11373
008 971003s1986 eng d
020 |a 0-936487-00-3 
035 |1 ΠΑΡ  |a 1997  |l 10018230 
040 |a GR-MY-UA  |b gre  |e aacr 
041 0 |a eng 
082 0 |a 721 
100 1 |a Τζαμτζής, Αντώνιος. 
245 1 0 |a Passive design :  |b principles for hot, humid climates /  |c Anthony Tzamtzis 
260 |a Miami :   |b Miami-Date Community College,   |c 1986 
300 |a 43 p.  |b fig. 
490 1 |a Solstice 
650 0 0 |a Buildings  |x Environmental engineering. 
650 0 0 |a Heat engineering. 
650 0 0 |a Architecture and climate. 
830 0 |a Solstice 
852 |a INST  |b LESVOS  |e 19971003  |h 721 TZA  |p 005100015659  |q 005100015659  |t BK  |y 0 
909 |a Λ  |b 023804 
922 |a 1ΠΑΡ  |b 199205  |c ΠΠ/1104 
970 |z 1999/07/23  |a ΚΑΜΑΤΣΟΥ  |b ΔΕΣΠΟΙΝΑ